| 000 | 00403cam a2200193ua 4500 | ||
|---|---|---|---|
| 020 | _cRs. 56 | ||
| 041 |
_aeng _h |
||
| 082 |
_a530 _bSTA/PH |
||
| 100 | _aStarlig, S G . | ||
| 245 | _aPhysics | ||
| 250 |
_a2 / _b. |
||
| 260 |
_aLondon : _bLongman , _c1957. |
||
| 300 | _a1328 ; . | ||
| 365 | _aRs. 56 | ||
| 504 | _a | ||
| 700 | 1 | _aWoodall, A J . | |
| 942 | _cBK | ||
| 999 |
_c1348 _d1348 |
||